000 01140nam a2200313 i 4500
001 000004521
003 DO-SdBNP
005 20260128103931.0
007 ta
008 090723s1982 dr 000 0 spa d
040 _aDO-SdBNP
_bspa
_cBNPHU
_erda
082 4 _a320.97293
_bI43a
_222
100 1 _aInfante, Fernando A.,
_913210
_eautor
_4aut.
245 1 0 _aAquelarre :
_b4 años de política dominicana 1978-1982 /
_cFernando A. Infante.
246 1 3 _bcuatro años de política dominicana 1978-1982
260 _aSanto Domingo :
_c1982.
264 4 _aSanto Domingo :
_bEditora Alfa & Omega,
_c@1982.
300 _a212 páginas ;
_c21 cm.
336 _atexto
_btxt
_2rdacontent
337 _asin mediación
_bn
_2rdamedia
338 _avolumen
_bnc
_2rdacarrier
500 _aIncluye referencias bibliográficas y notas al pie de las páginas
590 _aLa biblioteca posee 1 ejemplar autográfiado por el autor
590 _aInventariado, 2023 / DG
651 4 _aRepública Dominicana
_xPolítica y gobierno
_y1978-1982
_913211
651 7 _aRepública Dominicana
_xHistoria
_y1961-
_96572
_2LEMB
910 _aDG
942 _2ddc
_cLBS1
999 _c4330
_d4330